000 00671nam a2200205 i 4500
001 84610
003 ES-MaACL
005 20230906175040.0
007 t|
008 041123s1986 fr ||||1| fre d
020 _a2-02-009383-9
100 1 _aJankélévitch, Vladimir.
_966033
245 1 2 _aL'imprescriptible /
_cVladimir Jankélévitch.
260 _aParis :
_bEditions du Seuil,
_c1986.
300 _a103 p. ;
_c21 cm.
505 8 _aContiene: Pardonner? ; Dans l'honneur et la dignité.
650 4 _aJudíos-
_zFrancia-
_xHistoria-
_yS.XX.
_9156109
650 4 _aGuerra mundial, 1939-1945-
_xResistencia-
_zFrancia.
_9139487
852 _aES-MaACL
_jL-11468
_bR.113256
999 _c84610
_d84610